| 000 | 00962nam a22003137a 4500 | ||
|---|---|---|---|
| 003 | CHAP | ||
| 005 | 20220329133127.0 | ||
| 008 | 971013s1990 r 00010 d | ||
| 010 | _a2462 | ||
| 011 | _a3434 | ||
| 035 | _a2634 | ||
| 040 | _cCHAP | ||
| 090 | _aFolleto 13302 | ||
| 100 | 0 | 0 |
_aNorton, J. D. _981836 |
| 245 | _aAu-cherry plum cultivar developed for home garden production | ||
| 260 |
_aAuburn : _bAlabama Agricultural Experiment Station, _c1990 |
||
| 300 | _a7 p | ||
| 490 |
_aCircular CIASE _v; 305 |
||
| 500 | _aD45-250 | ||
| 590 |
_aBATCH-UPD _b10 _c20130110 _lUCH01 _h0208 |
||
| 590 |
_aBATCH-UPD _b10 _c20130110 _lUCH01 _h2049 |
||
| 590 |
_aCONVERSION _b10 _c20130109 _lUCH01 _h1303 |
||
| 650 | 1 | 4 |
_aCiruela _xMejoramiento. _923417 |
| 650 | 1 | 4 |
_aCiruela _xVariedades resistentes a enfermedades. _923428 |
| 830 | 0 |
_aCircular CIASE _v; 305 _923374 |
|
| 901 | _aBK | ||
| 942 | _cFOLL | ||
| 949 |
_aFolleto 13302 _bBC _cFOLL _d-12140 _eTS1 _i2634 _mD _si |
||
| 999 |
_c2462 _d2462 |
||